Normal view
MARC view
- Gangohi, Mulana Rashid Ahmad
Entry Personal Name
001 - CONTROL NUMBER
- control field: 51034
003 - CONTROL NUMBER IDENTIFIER
- control field: NUST
005 - DATE AND TIME OF LATEST TRANSACTION
- control field: 20210314134855.0
008 - FIXED-LENGTH DATA ELEMENTS
- fixed length control field: 210314|| aca||aabn | a|a d
040 ## - CATALOGING SOURCE
- Original cataloging agency: NUST
- Transcribing agency: NUST
100 ## - HEADING--PERSONAL NAME
- Personal name: Gangohi, Mulana Rashid Ahmad
670 ## - SOURCE DATA FOUND
- Source citation: Work cat.: (NUST): Gangohi, Mulana Rashid Ahmad , فتاویٰ رشیدیہ, 2000.
